[Event "Toronto Thanksgiving op U2100"]
[Site "Toronto"]
[Date "2002.10.13"]
[Round "4"]
[White "Dutton, Warren Richard"]
[Black "Romero, Sebastian"]
[Result "1/2-1/2"]
[WhiteElo "2000"]
[BlackElo "1844"]
[PlyCount "74"]
[EventDate "2002.10.12"]
[EventType "swiss"]
[EventRounds "6"]
[EventCountry "CAN"]
[SourceTitle "EXT 2003"]
[Source "ChessBase"]
[SourceDate "2002.11.25"]
[SourceVersion "1"]
[SourceVersionDate "2002.11.25"]
[SourceQuality "1"]

1. e4 e5 2. Nf3 Nc6 3. Bc4 Bc5 4. 0-0 Nf6 5. c3 0-0 6. d4 exd4 7. cxd4 Bb4 8. d5 Ne7 9. e5 Ne8 10. Nc3 d6 11. Bd3 dxe5 12. Qc2 Nf6 13. Bg5 Ng6 14. Rad1 Bg4 15. Be2 h6 16. Bxf6 Qxf6 17. Qe4 Qf4 18. Qc2 Bd6 19. g3 Qf5 20. Qxf5 Bxf5 21. Rfe1 a6 22. Bd3 Bg4 23. Kg2 f5 24. Be2 Ne7 25. Nxe5 Bxe5 26. Bxg4 Bxc3 27. bxc3 Nxd5 28. Rxd5 fxg4 29. Re7 Rf7 30. Rxf7 Kxf7 31. Rd7+ Kf6 32. Rxc7 Rb8 33. a4 b6 34. Kf1 g6 35. Ke2 Re8+ 36. Kd3 Re6 37. Rc4 h5 1/2-1/2

[Event "Toronto Canada Day op"]
[Site "Toronto"]
[Date "2002.07.01"]
[Round "5"]
[White "Dutton, Warren Richard"]
[Black "Mitrovic, Bojana"]
[Result "1-0"]
[WhiteElo "2176"]
[BlackElo "1982"]
[PlyCount "79"]
[EventDate "2002.06.29"]
[EventType "swiss"]
[EventRounds "6"]
[EventCountry "CAN"]
[SourceTitle "EXT 2022"]
[Source "ChessBase"]
[SourceDate "2021.10.06"]
[SourceVersion "1"]
[SourceVersionDate "2021.10.06"]
[SourceQuality "1"]

1. e4 g6 2. f4 Bg7 3. d4 c6 4. Nf3 d5 5. e5 h5 6. Bd3 Bg4 7. 0-0 e6 8. h3 Bxf3 9. Qxf3 h4 10. b3 Ne7 11. a4 Nd7 12. Ba3 Qb6 13. Qf2 Nf5 14. Bxf5 gxf5 15. Nd2 f6 16. Nf3 fxe5 17. fxe5 0-0-0 18. a5 Qxa5 19. Be7 Qb6 20. Bxd8 Kxd8 21. Kh1 c5 22. Qd2 cxd4 23. Qg5+ Bf6 24. exf6 Rf8 25. f7+ Kc8 26. Qe7 Qc5 27. Qxe6 a6 28. Ne5 Qc7 29. Qxd7+ Qxd7 30. Nxd7 Kxd7 31. Rxf5 Ke6 32. Raf1 a5 33. Rg5 b5 34. Rg6+ Ke7 35. Rb6 a4 36. Rxb5 axb3 37. Rxb3 Kd6 38. Rbf3 Ke6 39. Re1+ Kd7 40. Re5 1-0

[Event "Toronto Canada Day op"]
[Site "Toronto"]
[Date "2002.07.01"]
[Round "6"]
[White "Thavandiran, Shiyam"]
[Black "Dutton, Warren Richard"]
[Result "1-0"]
[WhiteElo "2057"]
[BlackElo "1982"]
[PlyCount "89"]
[EventDate "2002.06.29"]
[EventType "swiss"]
[EventRounds "6"]
[EventCountry "CAN"]
[SourceTitle "EXT 2022"]
[Source "ChessBase"]
[SourceDate "2021.10.06"]
[SourceVersion "1"]
[SourceVersionDate "2021.10.06"]
[SourceQuality "1"]

1. e4 e5 2. Nf3 Nc6 3. Bb5 Nf6 4. d3 Bc5 5. 0-0 h6 6. Bxc6 dxc6 7. Nxe5 0-0 8. h3 Re8 9. Nf3 Be6 10. Nc3 Qd7 11. Bf4 Rad8 12. Qd2 Bxh3 13. gxh3 Qxh3 14. Nh2 Re6 15. Kh1 Nh5 16. Bg3 Rg6 17. Ne2 Bxf2 18. Rxf2 Rxg3 19. Nf4 Nxf4 20. Qxf4 Rd7 21. Qf5 Qxf5 22. Rxf5 b6 23. Rf3 Rg5 24. Rg1 Ra5 25. a3 Kf8 26. Kg2 Rc5 27. c3 Rb5 28. b4 a5 29. Ra1 Rd6 30. Nf1 h5 31. Ng3 Rg6 32. Kf2 h4 33. Nf5 Rg4 34. Rh1 axb4 35. axb4 c5 36. Ne3 Rg6 37. Rxh4 cxb4 38. Rh8+ Ke7 39. Nd5+ Kd6 40. cxb4 Ke5 41. Ke3 c5 42. Rf5+ Kd6 43. Rd8+ Kc6 44. Ne7+ Kc7 45. Rfd5 1-0

[Event "Toronto Malcolm Memorial Sim-1"]
[Site "Toronto"]
[Date "2002.03.06"]
[Round "2"]
[White "Boross Harmer, Peter"]
[Black "Dutton, Warren Richard"]
[Result "1/2-1/2"]
[WhiteElo "2110"]
[BlackElo "2018"]
[PlyCount "34"]
[EventDate "2002.02.13"]
[EventType "tourn"]
[EventRounds "9"]
[EventCountry "CAN"]
[SourceTitle "EXT 2022"]
[Source "ChessBase"]
[SourceDate "2021.10.06"]
[SourceVersion "1"]
[SourceVersionDate "2021.10.06"]
[SourceQuality "1"]

1. e4 e5 2. Nf3 Nc6 3. Nc3 Nf6 4. Be2 Be7 5. 0-0 0-0 6. d4 d6 7. h3 Re8 8. dxe5 dxe5 9. Bc4 h6 10. a3 a6 11. Be3 b5 12. Ba2 Bb7 13. Qc1 Bf8 14. Rd1 Qc8 15. Bd5 Nxd5 16. Nxd5 Re6 17. Nh4 Nd4 1/2-1/2

[Event "Toronto-ch"]
[Site "Toronto"]
[Date "2002.01.19"]
[Round "4"]
[White "Findlay, Ian T"]
[Black "Dutton, Warren Richard"]
[Result "0-1"]
[WhiteElo "2387"]
[BlackElo "2025"]
[PlyCount "66"]
[EventDate "2002.01.??"]
[EventType "tourn"]
[EventRounds "11"]
[EventCountry "CAN"]
[SourceTitle "EXT 2006"]
[Source "ChessBase"]
[SourceDate "2005.11.24"]
[SourceVersion "1"]
[SourceVersionDate "2005.11.24"]
[SourceQuality "1"]

1. e4 e5 2. Nf3 Nc6 3. Bb5 f5 4. Nc3 Nf6 5. exf5 e4 6. Ng5 d5 7. d3 Bxf5 8. dxe4 dxe4 9. 0-0 Bd6 10. Qe2 Qe7 11. Re1 Bb4 12. Bxc6+ bxc6 13. Qc4 c5 14. Bd2 0-0-0 15. Rad1 Bxc3 16. Bxc3 Rxd1 17. Rxd1 Rd8 18. Re1 Nd5 19. Nxe4 Nxc3 20. bxc3 Qxe4 21. Qa6+ Qb7 22. Qc4 Qc6 23. h3 Bxc2 24. Qg4+ Qd7 25. Qc4 Qd5 26. Qg4+ Bf5 27. Qa4 Kb7 28. Qb5+ Kc8 29. Qa6+ Kb8 30. Qb5+ Ka8 31. c4 Qd6 32. Re3 Bd7 33. Qa5 Rb8 0-1

[Event "Canada Day op"]
[Site "Toronto"]
[Date "2001.07.02"]
[Round "5"]
[White "Bergeron, Florian"]
[Black "Dutton, Warren Richard"]
[Result "1/2-1/2"]
[WhiteElo "1978"]
[BlackElo "1899"]
[PlyCount "89"]
[EventDate "2001.06.??"]
[EventType "swiss"]
[EventRounds "5"]
[EventCountry "CAN"]
[SourceTitle "EXT 2005"]
[Source "ChessBase"]
[SourceDate "2004.11.15"]
[SourceVersion "1"]
[SourceVersionDate "2004.11.15"]
[SourceQuality "1"]

1. d4 Nf6 2. c4 g6 3. Nc3 Bg7 4. e4 d6 5. f4 0-0 6. Nf3 c5 7. dxc5 Qa5 8. Bd3 Qxc5 9. Qe2 Nc6 10. Be3 Qa5 11. 0-0 Ng4 12. Bd2 Qb6+ 13. Kh1 Qxb2 14. Rab1 Qa3 15. Rb3 Qc5 16. Rb5 Nd4 17. Nxd4 Qxd4 18. Rd5 Qb6 19. h3 Nf6 20. Rb5 Qc7 21. Nd5 Nxd5 22. cxd5 b6 23. Rc1 Qb7 24. Rb3 Bd7 25. Ba6 Qb8 26. Be3 f5 27. exf5 Bxf5 28. Bd2 Qe8 29. Rc7 Rf7 30. Bb7 Rd8 31. Bc6 Bd7 32. Rxa7 Bxc6 33. dxc6 Qxc6 34. Rxe7 Rxe7 35. Qxe7 Re8 36. Qg5 Kh8 37. Qg3 Re2 38. Be3 b5 39. a4 Bf6 40. Rxb5 Qe4 41. Bf2 Qxa4 42. Rb8+ Re8 43. Rb7 Qd1+ 44. Kh2 Qd5 45. Qb3 1/2-1/2

[Event "Canada Day op"]
[Site "Toronto"]
[Date "2001.06.30"]
[Round "1"]
[White "Dutton, Warren Richard"]
[Black "Brajovic, Spasoje"]
[Result "0-1"]
[WhiteElo "1899"]
[BlackElo "2080"]
[PlyCount "108"]
[EventDate "2001.06.??"]
[EventType "swiss"]
[EventRounds "5"]
[EventCountry "CAN"]
[SourceTitle "EXT 2005"]
[Source "ChessBase"]
[SourceDate "2004.11.15"]
[SourceVersion "1"]
[SourceVersionDate "2004.11.15"]
[SourceQuality "1"]

1. e4 c5 2. Nc3 Nc6 3. g3 g6 4. Bg2 Bg7 5. d3 Nf6 6. h3 0-0 7. Be3 d6 8. Qd2 Re8 9. Nge2 a6 10. 0-0 Qc7 11. a4 Rb8 12. f4 e6 13. Kh2 b5 14. axb5 axb5 15. g4 b4 16. Nd1 Nd7 17. Ng3 Nd4 18. Bxd4 cxd4 19. Ra4 Qb6 20. b3 Nc5 21. Ra2 Bd7 22. Nb2 Ra8 23. Rfa1 Rxa2 24. Rxa2 Rb8 25. Qc1 Qc7 26. Bf3 Nxb3 27. Qd1 Nc5 28. Kg2 Bh6 29. g5 Bg7 30. h4 b3 31. cxb3 Rxb3 32. Ra8+ Bf8 33. Qc2 Qb7 34. Ra2 Rc3 35. Qd1 e5 36. f5 Bb5 37. Ne2 Nxd3 38. Nxc3 Nf4+ 39. Kg3 dxc3 40. Na4 Bxa4 41. Qxa4 Qb6 42. Rf2 Qe3 43. fxg6 hxg6 44. Qd1 d5 45. Qc2 Bc5 46. Rf1 d4 47. Kh2 Bb4 48. Qb3 Qd2+ 49. Kg3 c2 50. Qc4 Qc3 51. Qxc3 Bxc3 52. Rc1 d3 53. Bd1 Ne2+ 54. Bxe2 dxe2 0-1

[Event "Toronto Givenchy op 30'"]
[Site "Toronto"]
[Date "1999.11.25"]
[Round "2"]
[White "Teodoro, Eduardo"]
[Black "Dutton, Warren Richard"]
[Result "1-0"]
[WhiteElo "2401"]
[BlackElo "2025"]
[PlyCount "76"]
[EventDate "1999.11.25"]
[EventType "swiss (rapid)"]
[EventRounds "7"]
[EventCountry "CAN"]
[SourceTitle "EXT 2002"]
[Source "ChessBase"]
[SourceDate "2001.11.25"]
[SourceVersion "1"]
[SourceVersionDate "2001.11.25"]
[SourceQuality "1"]

1. e4 b6 2. d4 Bb7 3. Nc3 Nf6 4. Bd3 e6 5. Nge2 Bb4 6. 0-0 0-0 7. a3 Be7 8. e5 Nd5 9. Nxd5 Bxd5 10. c4 Bb7 11. f4 f5 12. d5 Bc5+ 13. Kh1 a5 14. Nc3 Na6 15. Be2 Qe7 16. Bf3 Rab8 17. Nb5 c6 18. d6 Qf7 19. Nc3 Ba8 20. b3 Kh8 21. Ra2 h6 22. g3 Rg8 23. Rg2 g5 24. fxg5 hxg5 25. g4 f4 26. Ne4 Rg6 27. Nf6 Rxf6 28. exf6 Qxf6 29. Bb2 e5 30. Re2 Re8 31. Qa1 Bxd6 32. Rd1 Kg8 33. Red2 Re6 34. b4 Qe7 35. c5 bxc5 36. Qa2 Kf8 37. Qc4 Nb8 38. Qe4 cxb4 1-0

[Event "Financial Concept op 6th"]
[Site "North Bay"]
[Date "1999.08.05"]
[Round "4"]
[White "Pushkedra, Frank"]
[Black "Dutton, Warren Richard"]
[Result "1-0"]
[WhiteElo "2345"]
[BlackElo "2025"]
[PlyCount "157"]
[EventDate "1999.08.04"]
[EventType "swiss"]
[EventRounds "9"]
[EventCountry "CAN"]
[SourceTitle "EXT 2000"]
[Source "ChessBase"]
[SourceDate "1999.11.16"]
[SourceVersion "1"]
[SourceVersionDate "1999.11.16"]
[SourceQuality "1"]

1. e4 e5 2. Nf3 Nc6 3. Bb5 f5 4. d3 fxe4 5. dxe4 Nf6 6. 0-0 d6 7. Nc3 Be7 8. Qd3 0-0 9. Bg5 Qe8 10. Nd5 Nxd5 11. exd5 a6 12. dxc6 axb5 13. Bxe7 Qxe7 14. Qxb5 b6 15. Nd2 Qg5 16. Ne4 Qg6 17. Ng3 Qxc2 18. Rac1 Qg6 19. a3 Kh8 20. Rfe1 Ra5 21. Qe2 Ba6 22. Qe3 Rd5 23. Red1 Rxd1+ 24. Rxd1 Qc2 25. Re1 Qxc6 26. Qg5 g6 27. Qe7 Kg8 28. Ne4 Bb7 29. f3 Rf7 30. Qe6 d5 31. Nf6+ Kg7 32. Ne8+ Kg8 33. Qxe5 Qc5+ 34. Kh1 Qf2 35. Qe6 Bc6 36. Qe5 Bb5 37. Rg1 Qe2 38. Nf6+ Kf8 39. Qxe2 Bxe2 40. Nxd5 Rxf3 41. Re1 Rf7 42. Rc1 Bc4 43. Ne3 Ba6 44. h3 c5 45. Kg1 Rd7 46. Rc2 Kg7 47. Kf2 Rf7+ 48. Kg3 Bd3 49. Rc3 Be4 50. Nc4 Rf6 51. Ne5 Rf5 52. Nd7 Rd5 53. Nxb6 Rd2 54. b3 Rxg2+ 55. Kf4 Rc2 56. Re3 Bf5 57. a4 Rd2 58. Rc3 Rd4+ 59. Ke5 Rb4 60. Nd5 Rb7 61. Kd6 Rd7+ 62. Kxc5 Be6 63. Nf4 Bf7 64. b4 g5 65. Nd3 Rd5+ 66. Kc6 Rd4 67. Kc5 Rd5+ 68. Kb6 Rd4 69. Ka5 Be6 70. Nc5 Bd5 71. b5 Rd2 72. Kb6 Ra2 73. a5 Kf6 74. a6 Ke5 75. a7 h5 76. Rd3 Bh1 77. Na6 Kf4 78. Rc3 Ra1 79. Rc6 1-0

[Event "Laval op U26"]
[Site "Laval"]
[Date "1999.04.16"]
[Round "1"]
[White "Prahov, Valentin Asenov"]
[Black "Dutton, Warren Richard"]
[Result "1/2-1/2"]
[WhiteElo "2235"]
[BlackElo "2025"]
[PlyCount "166"]
[EventDate "1999.04.16"]
[EventType "swiss"]
[EventRounds "5"]
[EventCountry "CAN"]
[SourceTitle "EXT 2002"]
[Source "ChessBase"]
[SourceDate "2001.11.25"]
[SourceVersion "1"]
[SourceVersionDate "2001.11.25"]
[SourceQuality "1"]

1. e4 c5 2. Nf3 Nc6 3. d4 cxd4 4. Nxd4 Nf6 5. Nc3 e6 6. Ndb5 d6 7. Bf4 e5 8. Bg5 a6 9. Na3 b5 10. Bxf6 gxf6 11. Nd5 Be6 12. Bd3 f5 13. Qh5 Rc8 14. c3 Rg8 15. g3 h6 16. Nc2 Rg5 17. Qf3 Bxd5 18. exd5 e4 19. Qe2 Ne5 20. Bxb5+ axb5 21. Qxb5+ Ke7 22. Nb4 Rc5 23. Qa6 Kf6 24. 0-0-0 Kg7 25. Kb1 Qc7 26. Qe2 Kh7 27. Na6 Qb6 28. Nxc5 Qxc5 29. Rd4 Bg7 30. Rhd1 Nd3 31. R4xd3 exd3 32. Rxd3 Rg4 33. Qe3 Qb5 34. f4 Bf6 35. b3 Rg8 36. c4 Qa5 37. Qd2 Qc7 38. Re3 Rb8 39. Qc2 Qc5 40. Qxf5+ Kg7 41. Qd3 Qa3 42. Qd2 Rb4 43. g4 Qa5 44. Qd3 Qa3 45. Re2 Qa7 46. Qe3 Qd7 47. Qe4 Qa7 48. Rg2 Kf8 49. g5 hxg5 50. fxg5 Be5 51. h4 Qd7 52. Qg4 Qa7 53. Qe4 Qd7 54. g6 f5 55. Qd3 Kg7 56. h5 Rb7 57. Rg5 f4 58. Qf5 Qxf5+ 59. Rxf5 Kh6 60. Kc2 f3 61. a4 f2 62. Rxf2 Kxh5 63. Rf7 Rb8 64. g7 Rg8 65. Rd7 Kg6 66. a5 Kf5 67. Kd3 Bxg7 68. a6 Be5 69. a7 Rg3+ 70. Kd2 Rg2+ 71. Ke3 Ra2 72. Rf7+ Kg6 73. Rb7 Kf5 74. b4 Ra3+ 75. Ke2 Ke4 76. b5 Ra2+ 77. Kf1 Bd4 78. b6 Kd3 79. Rb8 Kxc4 80. a8Q Rxa8 81. Rxa8 Bxb6 82. Ra6 Bc5 83. Rxd6 Bxd6 1/2-1/2

[Event "CAN-ch 9899 U18"]
[Site "Vancouver"]
[Date "1998.12.30"]
[Round "6"]
[White "Afrah, Navid"]
[Black "Dutton, Warren Richard"]
[Result "1-0"]
[WhiteElo "2195"]
[BlackElo "2025"]
[PlyCount "89"]
[EventDate "1998.12.27"]
[EventType "tourn"]
[EventRounds "11"]
[EventCountry "CAN"]
[SourceTitle "EXT 2002"]
[Source "ChessBase"]
[SourceDate "2001.11.25"]
[SourceVersion "1"]
[SourceVersionDate "2001.11.25"]
[SourceQuality "1"]

1. e4 e5 2. Nf3 Nc6 3. Bb5 f5 4. d3 fxe4 5. dxe4 Nf6 6. 0-0 d6 7. Qd3 Be7 8. Nc3 a6 9. Bc4 b5 10. Bd5 Nb4 11. Qe2 Nbxd5 12. Nxd5 Nxd5 13. exd5 0-0 14. Nd2 Bg5 15. Ne4 Bxc1 16. Raxc1 Qe8 17. c4 bxc4 18. Rxc4 Bd7 19. Rxc7 Rf4 20. Rfc1 Qg6 21. Rxd7 Rxe4 22. Qf3 Rf4 23. Qh3 Rf6 24. Qg3 Qh6 25. Rcc7 Rg6 26. Qf3 Kh8 27. Qc3 Rf6 28. Rc8+ Rf8 29. Rxa8 Rxa8 30. Qc6 Rf8 31. Rf7 Rg8 32. h3 Qg6 33. Rb7 Rf8 34. Qxa6 h6 35. Qa7 Qb1+ 36. Kh2 Rg8 37. Qa4 Rf8 38. Qg4 Rg8 39. a4 Qd3 40. a5 Qxd5 41. a6 Qc6 42. Qe2 Ra8 43. b4 Rxa6 44. Rb8+ Kh7 45. b5 1-0

[Event "North Bay op"]
[Site "North Bay"]
[Date "1998.08.09"]
[Round "9"]
[White "Dutton, Warren Richard"]
[Black "Ciaffone, Robert"]
[Result "0-1"]
[WhiteElo "2025"]
[BlackElo "2205"]
[PlyCount "66"]
[EventDate "1998.08.??"]
[EventType "swiss"]
[EventRounds "9"]
[EventCountry "CAN"]
[SourceTitle "EXT 1999"]
[Source "ChessBase"]
[SourceDate "1998.11.16"]
[SourceVersion "1"]
[SourceVersionDate "1998.11.16"]
[SourceQuality "1"]

1. e4 c5 2. Nc3 Nc6 3. g3 g6 4. Bg2 Bg7 5. d3 d6 6. Nge2 Rb8 7. Be3 Nd4 8. Nc1 b5 9. Qd2 b4 10. Nd1 e6 11. c3 bxc3 12. bxc3 Nc6 13. 0-0 Ba6 14. f4 Nge7 15. g4 f5 16. exf5 gxf5 17. gxf5 exf5 18. Qe2 0-0 19. Rf3 Qe8 20. Bf2 Ng6 21. Re3 Qd7 22. Qf3 Nce7 23. Ne2 Bb7 24. Qh5 Bxg2 25. Kxg2 Nd5 26. Rf3 Rfe8 27. Ne3 Nxe3+ 28. Bxe3 Rb2 29. Kf1 Qb7 30. Re1 Qd5 31. c4 Qxd3 32. Bf2 Qxc4 33. Rh3 Rbxe2 0-1